The case for China retail (Record no. 83855)
[ view plain ]
| 000 -LEADER | |
|---|---|
| fixed length control field | 01521cad a22002295a 4500 |
| 001 - CONTROL NUMBER | |
| control field | L155326 |
| 008 - FIXED-LENGTH DATA ELEMENTS--GENERAL INFORMATION | |
| fixed length control field | 120320e2012 xxk 000 0 eng d |
| 035 ## - SYSTEM CONTROL NUMBER | |
| System control number | (Sirsi) u155326 |
| 041 0# - LANGUAGE CODE | |
| Language code of text/sound track or separate title | eng |
| 100 1# - MAIN ENTRY--PERSONAL NAME | |
| Personal name | Chin, Henry |
| 245 04 - TITLE STATEMENT | |
| Title | The case for China retail |
| Remainder of title | issues and opportunities - 12 March 2012 |
| Medium | [electronic resource] |
| 260 ## - PUBLICATION, DISTRIBUTION, ETC. | |
| Place of publication, distribution, etc. | Parsippany NJ |
| Name of publisher, distributor, etc. | Pramerica Real Estate Investors |
| Date of publication, distribution, etc. | 2012 |
| 520 ## - SUMMARY, ETC. | |
| Summary, etc. | China has enormous potential for investors in all property investment categories. Strong population growth, a large pool of qualified workers, greater integration with the world economy and increasing domestic and foreign investment are fueling demand for office, retail and residential property. Given the strong interest from global investors and the growth in the scale and activity in China, it is worth understanding the fundamental drivers and opportunities of the Chinese retail market in the years ahead. |
| 520 ## - SUMMARY, ETC. | |
| Summary, etc. | Executive summary -- Why China? -- The story behind the growth -- Part 2: The case for China commercial real estate -- Part 3: China retail market overview -- Understanding China retail investments -- Part 4: China retail market assessment -- Conclusion. |
| 590 ## - LOCAL NOTE (RLIN) | |
| Local note | KA |
| 651 #4 - SUBJECT ADDED ENTRY--GEOGRAPHIC NAME | |
| Geographic name | China |
| 690 ## - LOCAL SUBJECT ADDED ENTRY--TOPICAL TERM (OCLC, RLIN) | |
| Topical term or geographic name as entry element | Commercial property |
| 9 (RLIN) | 6227 |
| 690 ## - LOCAL SUBJECT ADDED ENTRY--TOPICAL TERM (OCLC, RLIN) | |
| Topical term or geographic name as entry element | Residential property |
| 9 (RLIN) | 6266 |
| 700 1# - ADDED ENTRY--PERSONAL NAME | |
| Personal name | Chow, Alan |
| 856 40 - ELECTRONIC LOCATION AND ACCESS | |
| Uniform Resource Identifier | <a href="https://www2.prudential.com/PIM/irr.nsf/112f9a95764b93718525669b004cf4dd/c9e0def675e40b3e852579bf004fadd5">https://www2.prudential.com/PIM/irr.nsf/112f9a95764b93718525669b004cf4dd/c9e0def675e40b3e852579bf004fadd5</a> |
| Public note | View the report at www2.prudential.com |
| 942 ## - ADDED ENTRY ELEMENTS (KOHA) | |
| Suppress in OPAC | 0 |
| Withdrawn status | Lost status | Source of classification or shelving scheme | Damaged status | Not for loan | Home library | Current library | Shelving location | Date acquired | Total Checkouts | Full call number | Barcode | Date last seen | Copy number | Price effective from | Koha item type |
|---|---|---|---|---|---|---|---|---|---|---|---|---|---|---|---|
| Dewey Decimal Classification | Virtual | Virtual | Online | 18/03/2012 | ONLINE PUBLICATION | 155326-2001 | 06/08/2019 | 1 | 06/08/2019 | Book |